Why the adjoining owner's surveyor needs an engineer (Record no. 65599)
[ view plain ]
| 000 -LEADER | |
|---|---|
| fixed length control field | 01095cam a2200217 4500 |
| 001 - CONTROL NUMBER | |
| control field | ABS63249 |
| 008 - FIXED-LENGTH DATA ELEMENTS--GENERAL INFORMATION | |
| fixed length control field | 000000n2000 000 0 eng u |
| 035 ## - SYSTEM CONTROL NUMBER | |
| System control number | (Sirsi) u109985 |
| 100 ## - MAIN ENTRY--PERSONAL NAME | |
| Personal name | Hurst, L |
| 245 ## - TITLE STATEMENT | |
| Title | Why the adjoining owner's surveyor needs an engineer |
| 260 ## - PUBLICATION, DISTRIBUTION, ETC. | |
| Date of publication, distribution, etc. | 2000 |
| 490 ## - SERIES STATEMENT | |
| Series statement | Structural Survey |
| Volume/sequential designation | 18(5) December 2000, 228-230(3) |
| 520 ## - SUMMARY, ETC. | |
| Summary, etc. | This paper explains the reasons for the appointment of an engineer by an adjoining owner's surveyor in the context of party wall and adjacent excavation works. Recent changes in contract procedures and professional relationships, together with associated downward pressures on fees, are identified as having contributed to a vulnerability for adjoining owners in these circumstances. The engineer's role in scurtinising temporary works is therefore demonstrated to provide an increasingly important safeguard for adjoining owners. Journal abstract. |
| 590 ## - LOCAL NOTE (RLIN) | |
| Local note | ABS |
| 650 ## - SUBJECT ADDED ENTRY--TOPICAL TERM | |
| Topical term or geographic name entry element | Party walls |
| 9 (RLIN) | 6258 |
| 650 ## - SUBJECT ADDED ENTRY--TOPICAL TERM | |
| Topical term or geographic name entry element | ENGINEERS |
| 650 ## - SUBJECT ADDED ENTRY--TOPICAL TERM | |
| Topical term or geographic name entry element | SURVEYORS |
| 650 ## - SUBJECT ADDED ENTRY--TOPICAL TERM | |
| Topical term or geographic name entry element | DUTIES |
| 690 ## - LOCAL SUBJECT ADDED ENTRY--TOPICAL TERM (OCLC, RLIN) | |
| Topical term or geographic name as entry element | Boundary disputes |
| 9 (RLIN) | 6221 |
| 942 ## - ADDED ENTRY ELEMENTS (KOHA) | |
| Suppress in OPAC | 0 |
| Withdrawn status | Lost status | Source of classification or shelving scheme | Damaged status | Not for loan | Home library | Current library | Shelving location | Date acquired | Total Checkouts | Full call number | Barcode | Date last seen | Copy number | Price effective from | Koha item type |
|---|---|---|---|---|---|---|---|---|---|---|---|---|---|---|---|
| Dewey Decimal Classification | London | London | Journal article | 15/12/2000 | ABS63249 | 109985-1001 | 06/08/2019 | 1 | 06/08/2019 | Journal article |